Normal view
MARC view
- Electric resistors
Entry Topical Term
001 - CONTROL NUMBER
- control field: 102698
003 - CONTROL NUMBER IDENTIFIER
- control field: NUST
005 - DATE AND TIME OF LATEST TRANSACTION
- control field: 20221116132327.0
008 - FIXED-LENGTH DATA ELEMENTS
- fixed length control field: 221116|| aca||aabn | a|a d
040 ## - CATALOGING SOURCE
- Original cataloging agency: NUST
- Transcribing agency: NUST
150 ## - HEADING--TOPICAL TERM
- Topical term or geographic name entry element: Electric resistors
- General subdivision: Handbooks, manuals, etc
670 ## - SOURCE DATA FOUND
- Source citation: Work cat.: (NUST)181039: Todd, Carl David. 102697, The potentiometer handbook :, [1975]
